000 00853nam a22002297a 4500
999 _c3465
_d3465
003 AR-CdUCM
008 190306b ||||| |||| 00| 0 spa d
040 _aMUNICIPALIDAD PROVINCIAL DEL CUSCO
_cBIBLIOTECA MUNICIPAL DEL CUSCO
082 _a410 /
_bW57
100 _aWillcox, Isobel
_97923
245 _aActividades Lingüísticas para el Periodo de Trabajo Independiente /
260 _aMéxico :
_bHispano-Americana ;
_c1968.
300 _a104 páginas ;
_c17cm
440 _aManual Uteha Breve . Número 382
_n17
_911404
505 _aContenido: Lectura -- Como escuchar -- Expresión escrita -- Expresión oral -- Escritura manuscrita -- Deletreo...
650 _aEscritura
_94757
650 _aLectura
_92069
650 _aPrácticas
_911405
700 _aContin Sanz, Agustín (traducción)
_911406
942 _2ddc
_cLIBROS
945 _anom